Welcome to CU Library Online Public Access Catalogue (OPAC)

Prayers for worship leaders / (Record no. 4900)

MARC details
000 -LEADER
fixed length control field 00556pam a2200193 i 4500
001 - CONTROL NUMBER
control field 1775710
005 - DATE AND TIME OF LATEST TRANSACTION
control field 20250317173441.0
008 - FIXED-LENGTH DATA ELEMENTS--GENERAL INFORMATION
fixed length control field 780126s1978 pau 000 0 eng
020 ## - INTERNATIONAL STANDARD BOOK NUMBER
International Standard Book Number 0800613317 :
Terms of availability $3.95
050 00 - LIBRARY OF CONGRESS CALL NUMBER
Classification number BV250
Item number .K46
082 00 - DEWEY DECIMAL CLASSIFICATION NUMBER
Classification number 248/.8
100 1# - MAIN ENTRY--PERSONAL NAME
Personal name Kenseth, Arnold.
245 10 - TITLE STATEMENT
Title Prayers for worship leaders /
Statement of responsibility, etc. Arnold Kenseth and Richard P. Unsworth.
260 ## - PUBLICATION, DISTRIBUTION, ETC.
Place of publication, distribution, etc. Philadelphia :
Name of publisher, distributor, etc. Fortress Press,
Date of publication, distribution, etc. c1978.
300 ## - PHYSICAL DESCRIPTION
Extent 128 p. ;
Dimensions 22 cm.
650 #0 - SUBJECT ADDED ENTRY--TOPICAL TERM
Topical term or geographic name entry element Prayers.
700 1# - ADDED ENTRY--PERSONAL NAME
Personal name Unsworth, Richard P.,
Relator term joint author.
942 ## - ADDED ENTRY ELEMENTS (KOHA)
Source of classification or shelving scheme Library of Congress Classification
Koha item type Books
Suppress in OPAC No
999 ## -
-- 4900
-- 4900
Holdings
Withdrawn status Lost status Source of classification or shelving scheme Damaged status Not for loan Collection Home library Current library Shelving location Date acquired Total checkouts Full call number Barcode Date last seen Copy number Price effective from Koha item type
    Library of Congress Classification     Non-fiction Graduate Library (Christ Temple) Graduate Library (Christ Temple) General stacks 03/17/2025   BV 250.K46 KEN GSCT00000642 03/17/2025 1 03/17/2025 Books
© 2023-2024 Copyright: Central University Libraries. All Rights Reserved | Created by: Mahone Tech Office